| 000 | 00752cam a2200205 i 4500 | ||
|---|---|---|---|
| 005 | 20251124115205.0 | ||
| 008 | 250721s2013 jo gr 000 0 ara d | ||
| 020 | _a9957712716 | ||
| 082 | 1 | 4 |
_a211.6 _bب ك ر |
| 100 | 1 |
_aالبكري، حسين محيسن ختلان _eمؤلف. |
|
| 245 | 1 | 0 |
_aإيحاء المفردة القرآنية / _cتأليف الأستاذ الدكتور حسين محيسن ختلان البكري. |
| 250 | _aالطبعة الأولى. | ||
| 264 | 3 | 1 |
_aعمان : _bدار دجلة ناشرون وموزعون، _c2013. |
| 300 | _a207 صفحة. | ||
| 650 | 1 | 7 | _aالقرآن الكريم. |
| 650 | 1 | 7 | _aالتفاسير. |
| 650 | 1 | 7 | _aعلم المعاني. |
| 942 |
_2ddc _cBK |
||
| 999 |
_c126441 _d126441 |
||